| 000 | 00648nam a2200205 i 4500 | ||
|---|---|---|---|
| 001 | 57739 | ||
| 003 | ES-MaACL | ||
| 005 | 20240321063000.0 | ||
| 007 | t| | ||
| 008 | 031017s1946 ag ||||1| spa d | ||
| 100 | 0 |
_aDos Passos, John, _d1896-1970 _945444 |
|
| 245 | 1 | 3 |
_aEl número uno / _cJohn Dos Passos ; traducción de María Rosa Oliver. |
| 260 |
_aBuenos Aires : _bEditorial Sudamericana, _c[1946] ( _fImpresora Argentina) |
||
| 300 |
_a335 p. ; _c19 cm. |
||
| 490 | 1 | _aHorizonte | |
| 700 | 1 |
_aOliver, María Rosa. _986824 |
|
| 830 | 0 |
_aHorizonte _9180916 |
|
| 852 |
_aES-MaACL _jD-5811 _bR.30150 |
||
| 999 |
_c57739 _d57739 |
||